000 00643nam a22002177a 4500
005 20150507170518.0
008 140714b xxu||||| |||| 00| 0 Urdu d
010 _aUR-8865
020 _c300.00
035 _aU-7420
037 _bBPPD/Pub/Ven
040 _aDPL
_bUrdu
082 _a 841
100 _aعلی محمد خا ن
245 _aچر ا غ و فا
_cعلی محمد خا ن
246 _aChiragh-e- Wafa
_bBy Ali Mohd. Khan
260 _bAli Mohd. Khan
_c2013
_aNew Delhi
270 _aAmeen Ul doula Park
_bLucknow
_k09936178958
_e-
300 _a284ص
_c22Cm (Hb)
942 _2ddc
_cUR
_e
_h 841
_mخ ا ن
999 _c93407
_d93407